Statistics for Closest Capitals Reciprocally

Click here to take the quiz!

General Stats

  • This quiz has been taken 38 times
  • The average score is 66 of 100

Answer Stats

ContinentCapital% Correct
EuropeRome
88%
EuropeTirana
88%
EuropeVienna
88%
AsiaBeirut
85%
EuropeBern
85%
AsiaDamascus
85%
AsiaJerusalem
85%
South AmericaMontevideo
85%
EuropeVaduz
85%
EuropeBratislava
82%
South AmericaBuenos Aires
82%
AfricaTripoli
82%
EuropeValletta
82%
AsiaAmman
79%
South AmericaGeorgetown
79%
AfricaKinshasa
79%
EuropeLjubljana
79%
North AmericaPort-au-Prince
79%
AsiaSana'a
79%
North AmericaSanto Domingo
79%
AsiaSingapore
79%
EuropeSkopje
79%
EuropeTallinn
79%
EuropeVatican City
79%
EuropeZagreb
79%
South AmericaBogotá
76%
AfricaBrazzaville
76%
EuropeBrussels
76%
North AmericaHavana
76%
EuropeHelsinki
76%
AsiaKuala Lumpur
76%
EuropePodgorica
76%
South AmericaQuito
76%
AsiaSeoul
76%
EuropeAmsterdam
73%
North AmericaGuatemala City
73%
North AmericaKingstown
73%
North AmericaOttawa
73%
EuropePristina
73%
North AmericaWashington, D.C.
73%
AfricaBanjul
70%
OceaniaCanberra
70%
AfricaDakar
70%
AsiaDhaka
70%
AfricaDjibouti
70%
EuropeMadrid
70%
AsiaPyongyang
70%
South AmericaSucre
70%
OceaniaWellington
70%
South AmericaLa Paz
67%
AfricaLomé
67%
South AmericaParamaribo
67%
North AmericaSan Salvador
67%
OceaniaSuva
67%
AsiaTbilisi
67%
EuropeAndorra la Vella
64%
AsiaDoha
64%
AsiaHanoi
64%
EuropeMinsk
64%
AsiaThimphu
64%
AsiaVientiane
64%
EuropeVilnius
64%
AsiaYerevan
64%
North AmericaCastries
61%
AfricaGaborone
61%
AfricaLusaka
61%
AfricaMaputo
61%
AfricaPretoria
61%
North AmericaSt John's
61%
AfricaFreetown
58%
AsiaManama
58%
North AmericaNassau
58%
AfricaPorto-Novo
58%
OceaniaSouth Tarawa
58%
AsiaTashkent
58%
North AmericaBasseterre
55%
AfricaConakry
55%
AfricaHarare
55%
AsiaIslamabad
55%
AsiaKabul
55%
AfricaKigali
55%
AfricaLibreville
55%
AsiaManila
55%
AfricaSao Tome
55%
AfricaBloemfontein
52%
AsiaDushanbe
52%
AfricaMaseru
52%
AfricaMbabane
52%
AfricaNiamey
52%
OceaniaNuku'alofa
52%
AfricaYaoundé
52%
AfricaOuagadougou
48%
AsiaTaipei
48%
AfricaMalabo
45%
AsiaMale
45%
AfricaPort Louis
45%
AfricaAntananarivo
42%
OceaniaMajuro
39%
AsiaSri Jayawardenepura Kotte
39%
AfricaGitega
24%

Score Distribution

Percentile by Number Answered

Percent of People with Each Score

Your Score History

You have not taken this quiz